Boise National Forest : land and resource management planning alternative, 1985 /

Bibliographic Details
Corporate Author: United States. Forest Service
Format: Government Document Map
Language:English
Published: [Ogden, Utah] : The Service, 1985.
Subjects:

MARC

Tag First Indicator Second Indicator Subfields
LEADER 00000cem a2200000 a 4500
001 in00000862829
005 20151019083126.0
007 aj canzn
008 860520s1985 utudg a f 0 eng d
010 |a gp 87004297  
034 1 |a a  |b 2500000 
035 |a (OCoLC)13615348 
035 |9 AEF3969AM 
040 |a GAT  |c GAT  |d GPO  |d UtOrBLW 
052 |a 4272  |b .B6 
074 |a 80-F 
086 0 |a A 13.92:B 63/4/alt.A-G,I,K-N 
090 |a G4272.B6G45 1985  |b .U5 
110 1 |a United States.  |b Forest Service. 
245 1 0 |a Boise National Forest :  |b land and resource management planning alternative, 1985 /  |c U.S. Department of Agriculture, Forest Service. 
255 |a Scale [ca. 1:2,500,000]. 
264 1 |a [Ogden, Utah] :  |b The Service,  |c 1985. 
300 |a 9 maps :  |b both sides, color ;  |c 79 x 42 cm., on sheets 94 x 64 cm., folded to 24 x 17 cm. 
336 |a cartographic image  |b cri  |2 rdacontent 
337 |a unmediated  |b n  |2 rdamedia 
338 |a sheet  |b nb  |2 rdacarrier 
500 |a Relief shown by hachures and spot heights. 
500 |a Shipping list number: 85-1003-P. 
500 |a Includes text and map key. 
505 0 |a Alternatives A-G, I, K-N. 
500 |a Cartographic material. 
650 0 |a Forest management  |z Idaho  |z Boise National Forest  |x Maps. 
650 0 |a Forest reserves  |z Idaho  |z Boise National Forest  |x Maps. 
651 0 |a Boise National Forest (Idaho)  |x Maps. 
999 |a MARS 
999 f f |s 7a9697b9-44ce-3fdd-9bcf-5438eb1fa6cd  |i 0888da34-8008-3e55-b0d1-44af90bfb4e8  |t 0 
952 f f |p normal  |a Texas A&M University  |b College Station  |c Sterling C. Evans Library  |d Evans: US Documents (Annex 5th floor)  |t 0  |e A13.92 :B63/4/ alt A-G,I,K-N  |h Superintendent of Documents classification  |i unmediated -- sheet  |k alt.C,alt.G  |m A14816673321 
952 f f |p normal  |a Texas A&M University  |b College Station  |c Sterling C. Evans Library  |d Evans: US Documents (Annex 5th floor)  |t 0  |e A13.92 :B63/4/ alt A-G,I,K-N  |h Superintendent of Documents classification  |i unmediated -- sheet  |k alt.E,alt.I  |m A14816673274 
952 f f |p normal  |a Texas A&M University  |b College Station  |c Sterling C. Evans Library  |d Evans: US Documents (Annex 5th floor)  |t 0  |e A13.92 :B63/4/ alt A-G,I,K-N  |h Superintendent of Documents classification  |i unmediated -- sheet  |k alt.K,alt.M  |m A14816673371 
952 f f |p normal  |a Texas A&M University  |b College Station  |c Sterling C. Evans Library  |d Evans: US Documents (Annex 5th floor)  |t 0  |e A13.92 :B63/4/ alt A-G,I,K-N  |h Superintendent of Documents classification  |i unmediated -- sheet  |k alt.N  |m A14816673428 
952 f f |p normal  |a Texas A&M University  |b College Station  |c Sterling C. Evans Library  |d Evans: US Documents (Annex 5th floor)  |t 0  |e A13.92 :B63/4/ alt A-G,I,K-N  |h Superintendent of Documents classification  |i unmediated -- sheet  |k alt.B and L,alt.A,D and F  |m A14816673224 
998 f f |a A13.92 :B63/4/ alt A-G,I,K-N  |t 0  |l Evans: US Documents (Annex 5th floor)